000 00777nas a2200265 4500
001 BR0400842
003 BR-BrBNA
005 20231205104426.0
007 ta
008 230509b bl.|||p| |||| 00| 00por d
040 _aBR-BrBNA
_bpor
_cBiblioteca Nacional de Agricultura
041 _a(En)
072 _aF06
100 1 _aSaad, J.C.C.
100 1 _aMariño, M.A.
245 1 _aDesign of microirrigation systems in sloping lands using linear programming
650 _aIRRIGAÇÃO POR ASPERSÃO
650 _aPROGRAMAÇÃO LINEAR
650 _aPRESSÃO
650 _aMICROASPERSÃO
650 _aSÃO PAULO
773 0 _tIrriga (Brazil)
_xISSN 1413-7895
_g(2002), v. 7(3) p. 214-225
_wBR0400842
909 _a202311
_bLúcia
_c55
_dLúcia Elande
942 _2AGRIS
_n0
_cANA
999 _c178079
_d178079